000
00234pam a2200133 a 4500
020
_c
041
_h
100
_a
Dr.H.Santapau
245
_a
Common Trees
260
_c
1966
300
_a
118
653
_a
Botony
930
_a
919
999
_c
246772
_d
246772